Les vice-présidents américains (depuis 1953) - Statistiques

Statistiques générales
  • Ce quiz a été pris 157 fois
  • Le résultat moyen est 8 sur 13
Statistiques - réponses
Président Mandat Vice-président % Correct
Barack Obama 2009-2017 Joe Biden
95%
John F. Kennedy 1961-1963 Lyndon B. Johnson
93%
Richard Nixon 1973-1974 Gerald Ford
88%
Donald Trump 2017- Mike Pence
84%
Ronald Reagan 1981-1989 George H. W. Bush
83%
Bill Clinton 1993-2001 Al Gore
78%
Dwight Eisenhower 1953-1961 Richard Nixon
74%
George W. Bush 2001-2009 Dick Cheney
63%
Jimmy Carter 1977-1981 Walter Mondale
53%
Richard Nixon 1969-1973 Spiro Agnew
40%
George H. W. Bush 1989-1993 Dan Quayle
38%
Gerald Ford 1974-1977 Nelson Rockefeller
35%
Lyndon B. Johnson 1963-1969 Hubert Humphrey
25%
Aucun quiz correspondant
Distribution des résultats
% des personnes avec chaque résultat
Percentile par nombre de réponses
Votre historique - résultats
Vous n’avez pas pris ce quiz